[Event "Qatar Masters op"]
[Site "Doha"]
[Date "2014.11.29"]
[Round "4"]
[White "Dubov, Daniil"]
[Black "Mamedyarov, Shakhriyar"]
[Result "0-1"]
[WhiteElo "2629"]
[BlackElo "2757"]
[Annotator "Meulders,R"]
[PlyCount "108"]
[EventDate "2014.11.26"]
[EventType "swiss"]
[EventRounds "9"]
[EventCountry "QAT"]
[SourceTitle "CBM 164"]
[Source "ChessBase"]
[SourceDate "2015.01.15"]
[SourceVersion "1"]
[SourceVersionDate "2015.01.15"]
[SourceQuality "1"]
[WhiteClock "1:30:30"]
[BlackClock "1:30:30"]

1. d4 f5 2. Nf3 Nf6 3. Bg5 e6 4. Nbd2 d5 {Black determines the rest of the
opening: it's going to be a Stonewall.} 5. e3 Bd6 6. c4 c6 7. Be2 O-O 8. O-O
Nbd7 9. Qc2 Qe7 $146 (9... h6 10. Bh4 g5 11. Bg3 Bxg3 12. hxg3 Ne4 13. Nxe4
fxe4 14. Nd2 Kg7 15. f3 exf3 16. gxf3 Nf6 17. Kg2 Qd6 18. f4 g4 19. c5 Qd8 20.
Rh1 ({I suppose these two Danish players didn't mean too much harm to one
another. Through a slow and methodical advance White can gain at least an edge:
} 20. a4 h5 21. Rh1 Rh8 22. a5 Rb8 23. Bd3 Bd7 24. Nb1 Qe7 25. Nc3 Be8 $14)
20... h5 21. Bd3 Bd7 22. Rae1 Be8 23. Qc3 Bg6 24. Bxg6 Kxg6 25. Qd3+ Kg7 26.
Rhf1 {1/2-1/2 (26) Sorensen,H (2250)-Petersen,S (2230) Denmark 1992}) 10. cxd5
cxd5 11. Rac1 ({My gut feeling is to put the other rook on c1 and keep the
a-rook for additional support with a slow queenside advance, e.g.} 11. Rfc1 Nb8
12. Nb3 Bd7 13. Nc5 Bc6 14. b4 Rc8 15. Qb2 Be8 16. a3 Nc6 17. Nd3 Rc7 18. Nfe5
Rac8 19. f3 h6 20. Bh4 a6 21. Rab1 Qf8 22. a4 g5 23. Be1 $14) 11... Nb6 12. Bf4
$6 {In principle in the Stonewall, White wants to swap the dark-squared
bishops, but I see no reason for giving up the pin on the Nf6 unless prompted
to do so with the stock move ...h6.} Bxf4 13. exf4 Bd7 14. Qc5 $14 {White has
a minimal advantage but the question is how to keep it, let alone expand on it.
} Nc8 15. Ne5 $6 (15. Qxe7 Nxe7 16. Nb3 Ng6 17. g3 Ne4 18. Nc5 Nxc5 19. dxc5
$14) 15... Nd6 $11 16. Qa3 Rfc8 17. Rc5 (17. Nb3) 17... Be8 18. Rfc1 Kf8 19. f3
{A defensive move to seize control of the e4-square but Black has no problems
in this position.} b6 20. Nc6 (20. R5c3) 20... Bxc6 {Of course Black doesn't
mind exchanging his bad bishop for a good knight.} 21. Rxc6 Rxc6 22. Rxc6 Rd8
23. Ba6 {OK, so White has control over the c8 square, so what?} (23. g3) 23...
Nde8 24. Qe3 (24. Qa4 Rd7 25. Nb3 Rc7 26. Nc1 Rxc6 27. Qxc6 Qb4 28. Nd3 Qxd4+
29. Kf1 Qe3 30. Bb5 d4 31. a4 g6 32. g3 a6 33. Bxa6 Nd5 34. Ne5 Qd2 35. Be2
Ne3+ 36. Kf2 Nd1+ 37. Kf1 Ne3+ $11) ({After} 24. Qxe7+ Kxe7 {I can't see much
excitement any more. The question is whether it's wise to give the black queen
more squares.} 25. Rc1 Rd7 26. Kf2 Rc7 27. Nb3 Rxc1 28. Nxc1 Nd6 29. Nd3 Nfe8
30. Nb4 Kd7 31. a4 Nc7 32. Bf1 Nc4 33. Nd3 Kd6 34. Be2 Ne8 35. b3 Na5 36. Nc1
Nf6 37. Ke3 Nd7 38. Kd3 Nb8 39. Kc3 Nbc6 40. b4 Nb7 41. Nd3 $11) 24... Qb4 $5 {
Ah, a breath of fresh air...} 25. Qc3 Qa4 26. Bf1 Nd6 27. a3 Nfe8 28. Nb1 {
intending b3} Qd1 29. Qd3 {Maybe at this point White already had some regrets
for not exchanging queens on move 24.} Qe1 30. Nd2 Rc8 31. Rxc8 Nxc8 32. Qe2
Qc1 33. Nb3 Qc6 34. Qd2 (34. Qb5 $2 Qc2 $17) 34... Ne7 35. Na1 (35. Nc1 Qa4 36.
Qc3 Nd6 37. Bd3 Nb5 38. Bxb5 Qxb5 39. b3 Qc6 40. Qb2 Qc8 41. Nd3 Qa6 42. Ne5
Ng6 43. Nxg6+ hxg6 44. Kf2 Qd3 45. a4 $11) 35... Nd6 36. Nc2 a5 37. Kf2 Ke8 38.
Bd3 Kd7 39. Qe1 Qa4 40. Qc3 Nb5 {Forcing White to part with his good bishop.}
41. Bxb5+ Qxb5 {On the basis of his better pawn structure Black now enjoys a
theoretical though minimal advantage, but it seems hard to believe White
should lose this position.} 42. b3 a4 43. bxa4 Qxa4 44. Nb4 h6 45. Ke1 g5 $5
46. fxg5 hxg5 {In a pure pawn ending White now has a potential outside passed
pawn but we're not there yet. On the other hand, though White no longer has
doubled pawns now. In the long run there's the slight disadvantange of the
three pawn islands against two.} 47. Kd2 {White has landed himself in a
frustrating position where his pieces are tied to the protection of his weak
pawns. It's Black who calls the shots.} (47. Nd3 Nc6 48. Nb4 f4 49. Nxc6 Qxc6
50. Qb2 $11) 47... f4 $5 48. Nd3 (48. Kc1 Nf5 49. Kd2 Ne3 $19) (48. g3 $2 {
is no option:} Nf5 49. gxf4 gxf4 $15) 48... Nc6 49. Nb4 $2 ({White's best and
last chance lay in 49.Ne5+. After the text move he is doomed to complete
passivity.} 49. Ne5+ Nxe5 50. dxe5 d4 51. Qb2 Kc6 52. Qc1+ Kb7 53. Kd3 b5 54.
Ke4 Qb3 55. Kxd4 Kb8 56. h4 Qd5+ 57. Kc3 Qxe5+ 58. Kb4 $11) 49... Na5 50. Nc2
Qb5 51. Qd3 (51. Nb4 $4 Qf1 $19) 51... Nc4+ $19 {It's all over now.} 52. Ke2
Qb2 53. g3 Ne3 {Ouch...} 54. Kd2 Nxc2 (54... Nxc2 55. Qxc2 Qxd4+ 56. Kc1 (56.
Ke2 Qe3+ {is even worse, inasmuch as horribly bad can be worse than very, very
bad.}) 56... Qe3+ 57. Kb2 Qxf3 $19) 0-1

[Event "EU-Cup 31st"]
[Site "Skopje"]
[Date "2015.10.20"]
[Round "3.4"]
[White "Kaspi, Alexander"]
[Black "Laznicka, Viktor"]
[Result "0-1"]
[WhiteElo "2440"]
[BlackElo "2676"]
[Annotator "Meulders,R"]
[PlyCount "70"]
[EventDate "2015.10.18"]
[EventType "team-swiss"]
[EventRounds "7"]
[EventCountry "MKD"]
[SourceTitle "CBM 169"]
[Source "ChessBase"]
[SourceDate "2015.11.10"]
[SourceVersion "1"]
[SourceVersionDate "2015.11.10"]
[SourceQuality "1"]
[WhiteTeam "Rishon Le Zion"]
[BlackTeam "Novy Bor"]
[WhiteTeamCountry "ISR"]
[BlackTeamCountry "CZE"]

1. d4 f5 2. Nc3 d5 3. Bf4 (3. f3 {is a bit more active to try and tackle the
Dutch Defence in an unorthodox way.}) 3... e6 4. e3 a6 5. Bd3 $6 {This is a
very tame line.} (5. g4 $1) 5... c5 6. Nf3 Nf6 7. O-O (7. dxc5 Bxc5 8. O-O Nc6
9. Ne2 Nb4 10. a3 Nxd3 11. cxd3 Bd7 12. Rc1 Rc8 13. Qd2 O-O 14. Rxc5 Rxc5 15.
Bd6 Rc8 16. Bxf8 Qxf8 17. Rc1 b6 18. Ne5 Rxc1+ 19. Qxc1 Qc8 20. Qxc8+ Bxc8 {
1/2-1/2 (37) Akobian,V (2643)-Kamsky,G (2713) Saint Louis 2014}) 7... Nc6 8.
Nb1 {If White has to resort to such passive moves, it's obvious his opening is
not a success.} b5 9. Nbd2 Bb7 (9... c4 {is also fine:} 10. Be2 Bb7 11. h3 Bd6
12. Ne5 O-O 13. Ndf3 Qc7 14. c3 Ne4 15. Qc2 Rab8 $11) 10. c3 c4 11. Bc2 Be7 12.
Ne5 O-O 13. a3 a5 14. Nxc6 Bxc6 15. Nf3 b4 {Already Black is seizing the
initiative.} 16. Ne5 Bb5 17. axb4 (17. Ba4 Qe8 18. Bxb5 Qxb5 19. Rb1 bxa3 20.
bxa3 Qa6 21. a4 Bd6 22. Qc2 Rfb8 23. f3 Ng4) 17... axb4 18. f3 $2 {Now Black
seizes the a-file.} (18. Qf3 Qb6 19. g4 $11) 18... Rxa1 $15 19. Qxa1 b3 20. Bd1
Qa8 $1 21. Qc1 (21. Be2 Qb7 22. Qe1 Ra8 23. Rf2 Ra2 24. Bf1 Nh5 25. Re2 Qa7 26.
Qf2 Ra1 $17 {with a pleasant, squeezing initiative.}) 21... Qb7 22. h3 Ra8 23.
g4 Ra2 24. gxf5 exf5 25. Rf2 $2 (25. Kh1 $17) 25... Qa8 $19 26. Kh2 $2 {
It doesn't really matter any more, but this loses even more quickly.} (26. Qd2
Ba3 27. Qc1 Rxb2 28. Rxb2 Bxb2 29. Qxb2 Qa2 30. Nd3 Ba4 $1 31. Bxb3 cxb3 32.
Qc1 Qe2 33. Nb2 Bb5 34. Qb1 Qxf3 35. Qe1 Ne4 $19) 26... Ba3 $1 (26... Ra1 $19
27. Qd2 Rb1) 27. e4 Bxb2 $1 28. Rxb2 Qa3 29. Rxa2 Qxa2+ 30. Qd2 Ba4 $5 (30...
b2 $1 31. Bc2 Ba4 32. Bh6 Ne8 (32... Bxc2 33. Qg5 Qa7 34. Qxf5 Qa6 35. Qg5 Qb7
36. Qf5 b1=Q 37. Qe6+ Kh8 38. Nf7+ Qxf7 39. Qxf7 Qb8+ 40. e5 Qg8 41. Qe7 Nh5
$19)) 31. Bc2 fxe4 (31... b2) 32. Kg3 (32. fxe4 b2 33. Bh6 Bxc2 34. Qg5 Qa7 $19
) 32... Qxc2 33. Qxc2 bxc2 34. Bc1 (34. fxe4 Nh5+) 34... exf3 35. Kxf3 Ne4 (
35... Ne4 36. Nxc4 Nxc3 37. Nb6 Na2 38. Be3 Bb3 39. Ke2 c1=Q 40. Bxc1 Nxc1+ $19
) 0-1

[Event "Nordic-ch VISA"]
[Site "Reykjavik"]
[Date "1997.10.12"]
[Round "5"]
[White "Tisdall, Jonathan D"]
[Black "Nilssen, John Arni"]
[Result "1/2-1/2"]
[WhiteElo "2480"]
[BlackElo "2315"]
[Annotator "Meulders,R"]
[PlyCount "121"]
[EventDate "1997.10.08"]
[EventType "tourn"]
[EventRounds "13"]
[EventCountry "ISL"]
[EventCategory "10"]
[SourceTitle "CBM 062"]
[Source "ChessBase"]
[SourceDate "1998.01.31"]
[SourceVersion "1"]
[SourceVersionDate "1998.01.31"]
[SourceQuality "1"]

1. d4 {Hecht} f5 2. Bg5 {Ich glaube nur nach ...Nf6 könnte dieser Zug dem
Schwarzen einige Unannehmligkeiten bereiten.} g6 3. e3 Nh6 (3... Bg7 4. c3 Nf6
5. Nd2 d6 6. Ngf3 Nc6 7. Bc4 e5 8. dxe5 dxe5 9. Qb3 Qe7 10. e4 h6 11. Bxf6 Bxf6
12. O-O-O Kf8 13. Bd5 Nd8 14. Qc2 f4 15. g3 fxg3 16. hxg3 Bg4 17. Rde1 c6 18.
Bb3 Kg7 19. Nh4 Be6 20. Ng2 Bxb3 {1/2-1/2 Pfleger,H-Glek,I/BL9192 1992/BL 90})
4. Nc3 (4. Nf3 Nf7 5. h4 Bg7 6. c3 d6 7. Bc4 c6 8. Nbd2 Qc7 9. Bf4 e5 10. Bxf7+
Kxf7 11. Qb3+ Ke7 12. dxe5 dxe5 13. Qa3+ c5 14. Bg5+ Kf8 15. O-O-O Be6 16. Nb3
Na6 17. h5 h6 18. Bh4 g5 {Remmler,V-Junker,R/VLN Baden 1992/GER 04/0-1 (40)}) (
4. Bc4 d5 5. Bb3 Nf7 6. Bh4 Bg7 7. Ne2 c5 8. c3 c4 9. Bc2 O-O 10. f3 Nc6 11.
O-O g5 12. Bf2 e5 13. b3 exd4 14. Nxd4 Nxd4 15. exd4 Nd6 16. Re1 Bd7 17. a4 Rc8
18. b4 f4 19. Nd2 h5 20. g3 fxg3 21. Bxg3 Nf5 {0-1 Janota,H-Glek,I/Katowice op
1993/EXT 97 (37)}) 4... Nf7 (4... d5 $5 5. Bd3 Nf7 6. Bh4 Bg7 7. Nge2 O-O 8. h3
Qd7 $1 9. g4 fxg4 10. hxg4 e5 $1 11. dxe5 Nxe5 12. Nf4 c6 $17 {0-1 Schneider
Zinner-Meulders, Oberwart op 1980 (56)}) 5. Bh4 c6 6. g4 fxg4 7. Qxg4 d5 8. Qg2
Bg7 9. O-O-O O-O 10. Nf3 Bf5 11. Bg3 Nd7 12. Nh4 Bg4 13. Bc7 (13. f3 Bh5 {
/\...e5 =/=/+}) 13... Qxc7 14. Qxg4 Nf6 $2 (14... e5 $1 $15) 15. Qe6 Qd7 $6 (
15... Rad8 $1 16. Nf3 Rd6 17. Qh3 Rdd8 {/\...e5=} (17... Nd7 18. e4 dxe4 19.
Nxe4 Rd5 20. Bc4 Qf4+ 21. Ned2 Rd6 22. c3 e5 23. Rhg1 exd4 24. Ng5 $16)) 16.
Bh3 Qxe6 17. Bxe6 Nh5 18. f4 Bf6 19. Nf3 Ng7 20. Bxf7+ (20. Bh3 Nd6 21. Ne5
Ngf5 22. Rde1 $14 {/\Bg4,h4-h5|^ und starker Ne5}) 20... Rxf7 21. Kd2 Nf5 22.
h4 h5 $6 {>< g6} (22... Ng3 23. Rhg1 Nh5) 23. Rdg1 $14 Rg7 24. Rg2 e6 25. Ne2
Nd6 26. b3 Re8 27. Ne5 Kh7 28. Ng1 Ne4+ 29. Kd3 c5 30. Ngf3 cxd4 31. Kxd4 $5
Nd6 32. Kd3 Rc8 $1 33. Rhg1 Rgc7 {<=>} 34. c4 dxc4+ 35. bxc4 Nxc4 36. Rxg6 Rd8+
37. Ke2 Nxe5 38. Nxe5 (38. fxe5 Rc2+ 39. Ke1 Rc1+ 40. Ke2 Rc2+ {=}) 38... Rf8
39. Kd3 Bxe5 $11 40. fxe5 Re8 41. R6g5 Rd8+ 42. Ke2 Rc2+ 43. Kf3 Rf8+ 44. Ke4
Rc4+ 45. Kd3 Rxh4 46. Rg7+ Kh8 47. Rxb7 Rg4 48. Rxg4 hxg4 {[#] Hecht: Der
schwarze Freibauer in Verbindung mit der raschen Aktivierung des Königs
sichert das Gleichgewicht.} 49. Rxa7 Rf5 (49... g3 $2 {Hecht} 50. Ra4 Rg8 51.
Rh4+ Kg7 52. Rg4+ Kf7 53. Rxg8 Kxg8 54. Ke2 $18) 50. Ra4 Rg5 51. Ke2 Kh7 52.
Kf2 g3+ 53. Kg2 Rxe5 54. e4 (54. Rh4+ {Hecht} Kg6 55. Kf3 Rg5 56. Rh1 Ra5 57.
Ra1 Ra3 $11) 54... Rg5 55. Rb4 Kh6 56. a4 (56. Rb3 {Hecht} Rg4 57. Re3 e5 58.
a4 Kh5 59. a5 Kh4 60. a6 Rg7 61. Ra3 Ra7 $11) 56... Kh5 57. Rb5 e5 58. Rb3 Kh4
59. a5 Rg7 60. a6 Rc7 61. Rb2 (61. Rb2 {Hecht} Kg4 62. Ra2 Ra7 63. Ra3 Kf4 64.
Ra4 Kg4 $11) 1/2-1/2

[Event "EU-ch 18th"]
[Site "Minsk"]
[Date "2017.06.08"]
[Round "9"]
[White "Sanikidze, Tornike"]
[Black "Bartel, Mateusz"]
[Result "1-0"]
[WhiteElo "2518"]
[BlackElo "2637"]
[Annotator "Meulders,R"]
[PlyCount "69"]
[EventDate "2017.05.30"]
[EventType "swiss"]
[EventRounds "11"]
[EventCountry "BLR"]
[SourceTitle "CBM 179"]
[Source "ChessBase"]
[SourceDate "2017.07.12"]
[SourceVersion "1"]
[SourceVersionDate "2017.07.12"]
[SourceQuality "1"]

1. d4 f5 2. Bg5 g6 3. Nc3 Bg7 (3... Nh6 $5 {is a way to avoid the better
trodden paths.} 4. h4 {The ultimate aim will be to prepare for the advance ...
e5, but there are several stumbling-blocks on the way to this goal.} Nf7 5. Bf4
c6 (5... d6 6. Nf3 Bg7 7. e3 e5 8. dxe5 dxe5 9. Qxd8+ Kxd8 10. Bg5+ Kd7 11.
O-O-O+ Nd6 12. e4 $16) 6. Nf3 Qb6 $5 {Black's ideal setup is ...d6, ...Bg7, ...
Qc7 and ...e5} 7. Rb1 Bg7 8. e3 d6 9. Bc4 {Preventing ...e5. White loses a
tempo after the following move but this doesn't matter, as Black's central
pawn structure becomes rigid.} d5 10. Bb3 Nd7 {Again preparing the central
thrust ...e5.} 11. h5 $1 Qa5 (11... Qd8 $5) (11... e5 $2 12. dxe5 Ndxe5 13.
Nxe5 Nxe5 14. hxg6 hxg6 15. Rxh8+ Bxh8 16. Nxd5 $1 $16) 12. Ke2 Rg8 13. hxg6
hxg6 14. Ng5 Nxg5 15. Bxg5 Nf8 (15... e5 16. dxe5 Nxe5) 16. Bh6 Bxh6 17. Rxh6
Bd7 18. Qd2 O-O-O 19. Rbh1 Ne6 $2 (19... Qc7 $1 20. Kd1 e5 21. Kc1 Ne6 $11) 20.
Kd1 Rdf8 21. Ne2 Qxd2+ 22. Kxd2 f4 23. c4 $14 {1-0 (43) Gordon,S (2556)
-Narciso Dublan,M (2523) Oslo 2012}) 4. Qd2 d5 (4... h6 5. Bf4 d6 6. h4 Nf6 7.
O-O-O c6 8. e4 fxe4 9. f3 Qa5 $2 (9... exf3 10. Nxf3 Bf5 11. Bd3 Qd7 12. Rde1
Kd8 13. Re2 Bxd3 14. Qxd3 Qf5 15. Qe3 Bf8 16. Rf1 Nbd7 17. Nd2 Qg4 18. Nde4 $14
) 10. fxe4 e5 11. dxe5 dxe5 12. Be3 Bg4 13. Nf3 (13. Be2) 13... Nbd7 14. Bc4
O-O-O 15. Qf2 Rhf8 $11 16. Qg3 Rde8 $6 (16... b5 $5 17. Bb3 h5 18. Nh2 (18.
Nxe5 $2 Nxe4 $1 19. Nxe4 Bxe5 $15) 18... b4 $5 19. Nxg4 Nxg4 20. Na4 $11) 17.
a3 $14 {1-0 (39) Moiseenko,A (2710)-Bartel,M (2340) Biel 2015}) 5. f3 Nc6 {
I don't like this move at all. Of course White has an edge after the solid 5...
c6, but in my opinion the text move is the beginning of the end even at such
an early stage. It's obvious White is going to pin this knight and saddle his
opponent with a horrible pawn structure.} 6. e3 Be6 (6... a6 {was at least
consistent with 5...Nc6.}) 7. Bb5 Nf6 (7... Qd7 8. Na4 $16) 8. Nge2 Bf7 (8...
h6 9. Bf4 Bd7 $14) 9. Na4 Nd7 10. Bxc6 bxc6 11. Qc3 h6 12. Bf4 g5 13. Be5 Nxe5
(13... O-O) 14. dxe5 O-O 15. f4 e6 16. Nd4 $16 {A fine example of how in some
positions the pair of bishops can be absolutely useless. It must be terribly
frustrating playing this position with Black.} gxf4 17. exf4 Qh4+ 18. g3 Qh3
19. O-O-O $18 Rfe8 {Of course resigning in this position was the best option
for Black. He has no counterplay whatever and there is absolutely no way he
can avert defeat.} 20. Nc5 {White takes his time as if he is greatly enjoying
this position and wants to prolong the agony.} (20. Qxc6 $18) 20... Rab8 21.
Nxc6 $18 Rb6 22. Nd7 Kh8 23. a4 (23. Nxb6 axb6 $18) 23... Bh5 24. Nxb6 cxb6 25.
Nxa7 Bxd1 26. Rxd1 Qxh2 27. Nc8 h5 28. Qc6 Rf8 29. Ne7 Qxg3 30. Qxe6 Kh7 31.
Nxd5 h4 32. Nf6+ Bxf6 33. exf6 Qxf4+ {As they say in German: 'Das Racheschach'.
= the spite check!} 34. Kb1 Qg5 35. Qe7+ (35. Qe7+ Kg8 36. f7+) 1-0

[Event "Gibraltar Masters 12th"]
[Site "Caleta"]
[Date "2014.02.04"]
[Round "8"]
[White "Pardo Simon, David"]
[Black "Kamsky, Gata"]
[Result "0-1"]
[WhiteElo "2451"]
[BlackElo "2709"]
[Annotator "Meulders,R"]
[PlyCount "48"]
[EventDate "2014.01.28"]
[EventType "swiss"]
[EventRounds "10"]
[EventCountry "GGB"]
[SourceTitle "CBM 159"]
[Source "ChessBase"]
[SourceDate "2014.03.17"]
[SourceVersion "1"]
[SourceVersionDate "2014.03.17"]
[SourceQuality "1"]

1. d4 f5 2. Bg5 g6 3. Nc3 Bg7 {The main move. Black allows White to execute
his idea to push the e-pawn. After taking on e4 the subsequent ...d5 comes
with a gain of tempo.} (3... d5 {is the main alternative, stopping e4.}) 4. e4
fxe4 5. Nxe4 d5 6. Nc3 (6. Nc5 b6 7. Nb3 Nh6 8. Nf3 Nf7 9. Bh4 O-O 10. Be2 a5
11. O-O Nd7 12. Re1 Nf6 13. Bd3 a4 14. Nbd2 a3 15. b3 c5 16. Qe2 e6 17. c4 $11
{1-0 (88) Gonzalez Perez,A (2452)-Spraggett,K (2595) Porto 2012}) (6. Ng3 Nh6
7. Nh5 gxh5 8. Bxh6 Bg4 9. Qd2 Bxh6 10. Qxh6 Qd6 11. Qd2 Nc6 12. h3 Bf5 {
1/2-1/2 (12) Moiseenko,A (2706)-Malaniuk,V (2509) Trzcianka 2012}) 6... Nh6 {
This is the most logical. Since White wants to hangs on to the darksquared
bishop, Black will gain an extra tempo with ...Nf7.} 7. Nf3 Nf7 8. Be3 $6 {
8.Bf4 is more active, controlling the e5-square.} ({Relevant:} 8. Bh4 c5 9.
Bb5+ Nc6 10. O-O O-O 11. dxc5 d4 12. Ne4 Bf5 13. Re1 Re8 14. Bc4 h6 15. Ng3 Qa5
16. Nxf5 gxf5 17. Nd2 Qxc5 18. Qh5 Ncd8 19. Bb3 Rc8 20. Re2 f4 21. Qxc5 Rxc5
22. Bxe7 Rc7 23. Rae1 Nc6 24. Bd6 Rxe2 25. Rxe2 Rd7 26. Bxf4 d3 27. cxd3 Rxd3
28. Re8+ Bf8 29. Bxh6 {1-0 (29) Bu,X (2714)-Zhang,Z (2649) Beijing 2008}) 8...
Nc6 {In due course Black wants to play ...e5, which will give him a fine game.
Of course this takes some preparation because he has to give adequate
protection to the d5-pawn. Strangely enough after only 8 moves we're already
out of book.} 9. Qd2 $146 (9. Qe2 Bf5 10. O-O-O Qd7 11. h3 O-O-O 12. g4 Be4 13.
Bg2 Rhf8 14. Kb1 Bxf3 15. Bxf3 e6 16. Na4 b6 17. c3 Nd6 18. b3 Rde8 19. Bg2 Ne7
20. h4 Kb8 21. h5 h6 22. Rdf1 g5 23. f4 gxf4 24. Bxf4 Ng8 25. Kc2 Nf6 26. Nb2
Nfe4 27. Bxd6 Nxd6 28. Rxf8 Rxf8 29. Nd3 Nf7 30. Rf1 a5 {1/2-1/2 (30) Patrici,
N (2527)-Buessing,O (2506) ICCF email 2009}) 9... Bf5 10. Be2 ({Since the
knight can no longer be pinned, the more active} 10. Bd3 {is better.} Qd7 11.
O-O-O O-O-O 12. Kb1 Kb8 13. h3 Rhe8 14. g4 Bxd3 15. Qxd3 Nb4 16. Qb5 Qxb5 17.
Nxb5 c6 18. Na3 e5 19. dxe5 Nxe5 20. Nxe5 Bxe5 21. c3 Na6 22. Nc2 Rf8 $11)
10... Qd7 11. O-O-O {I prefer 0-0, since Black has several pieces directed at
the queenside. The drawback of the passive Be3 is already clear, because White
has no advantage.} O-O-O 12. Kb1 Kb8 13. a3 $6 {There was no reason for this
'dogear', as Nb4 can be easily parried.} (13. h3 h5 14. Rhe1 e6 15. Bb5 a6 16.
Bxc6 Qxc6 17. Bf4 $11) 13... h6 14. h3 g5 15. g4 Be6 16. Rhe1 Rhf8 17. Nh2 $2 {
This is a bad mistake, after which the initiative completely passes to Black.}
(17. Na4 b6 18. Nc3 Nd6 19. Qd3 {and Black's advantage is extremely slim.})
17... Nd6 $15 18. f3 $2 {Now the knight on h2 is out of the game.} (18. Nf3 $15
) 18... Bg8 {Black is consistently preparing for ...e5, which will completely
free his game and further push White on to the defensive.} 19. Nb5 $2 {Another
very unfortunate knight move. Black is asking for nothing better than to
exchange the knight on d6. This will give additional protection to the d5-pawn
and clear the way for ...e5. White should have finally have tried something
active like h4.} a6 20. Nxd6 Qxd6 {...e5 is unstoppable. White's position is
fast becoming critical.} 21. Nf1 {Poor knight.} e5 $17 22. dxe5 $2 (22. c3)
22... Qxe5 23. c3 $2 {The extremely unappetising Qc1 is better, but not enough
to save the game. Now it's virtually over.} d4 $1 {Over and out.} 24. cxd4 Qd5
{Here White might have continued with b4 and hung on for another ten moves or
so, but he was probably so disgusted with his position that he simply resigned.
} 0-1